[Event "Romanian Team Rapid Open 2022"]
[Site "Sebes"]
[Date "2022.12.03"]
[Round "1.10"]
[White "Tinta, Gheorghe"]
[Black "Ghimpu, Samuel-Timotei"]
[Result "0-1"]
[WhiteElo "1855"]
[BlackElo "2455"]
[Annotator "TA"]
[PlyCount "60"]
[EventDate "2022.12.03"]
[EventType "rapid"]
[EventCountry "ROU"]
[SourceTitle "playchess.com"]
[Source "ChessBase"]
[SourceQuality "1"]

{[%evp 23,60,-52,-38,-65,-49,-66,-38,-41,-40,-166,-161,-266,-262,-228,-201,-247,-104,-206,-210,-494,-494,-493,-491,-481,-473,-457,-267,-291,-300,-293,-295,-274,-285,-269,-243,-538,-251,-29979,-29975]} 1. d4 Nf6 2. c4 e6 3. Nf3 d5 4. g3 dxc4 5. Bg2 Nbd7 6. Qa4 a6 7. Qxc4 b5 8. Qc2 Bb7 9. O-O c5 10. dxc5 Bxc5 11. a3 Rc8 12. Nc3 O-O 13. Rd1 {E03: Open Catalan: 5 Qa4+ Nbd7 6 Qxc4.} Qb6 (13... Qe7 {feels hotter.} 14. Ng5 Bxg2 15. Kxg2 h6) 14. e3 {[#]} h6 $146 ({Predecessor:} 14... Rfd8 15. Qe2 Be7 16. e4 Qa7 17. Be3 Qa8 18. Nd2 b4 19. axb4 Bxb4 20. f3 Ne5 {0-1 (38) Maltese,A (2216)-Ludwig,D (2391) Dallas 2006}) 15. b4 {Black is slightly better.} Bd6 {[#] Threatens to win with ...Ne5.} 16. Qb3 ({White should play} 16. Bb2 $15) 16... Ne5 $19 17. Nd4 (17. Ne1 $142 Bxg2 18. Kxg2) 17... Bxg2 18. Kxg2 Rfd8 {Strongly threatening ...Qb7+.} 19. f3 Nc4 (19... g5 $19 {and Black stays clearly on top. Hoping for ...g4.} 20. Rf1 Be7) 20. Nce2 (20. a4 $17) 20... Bf8 21. Rb1 $2 (21. e4) 21... e5 22. Nf5 Rxd1 23. Qxd1 g6 24. Nh4 Nxe3+ (24... Rd8 $142 25. Qg1 Rd3) 25. Bxe3 Qxe3 26. Rb3 Qb6 27. Rd3 e4 28. fxe4 Nxe4 29. Rf3 {Inhibits Qf2+.} (29. Nd4) 29... Ng5 (29... Qc6 $142 30. Qd3 Ng5) 30. Re3 $2 {[#]} (30. Rd3 $19) 30... Qxe3 {Weighted Error Value: White=1.09/Black=0.42} 0-1

[Event "Romanian Team Rapid Open 2022"]
[Site "Sebes"]
[Date "2022.12.03"]
[Round "1.12"]
[White "Carac, Radu-Ionut"]
[Black "Talu, Mircea"]
[Result "0-1"]
[WhiteElo "1569"]
[BlackElo "2327"]
[Annotator "TA"]
[PlyCount "60"]
[EventDate "2022.12.03"]
[EventType "rapid"]
[EventCountry "ROU"]
[SourceTitle "playchess.com"]
[Source "ChessBase"]
[SourceQuality "1"]

{[%evp 9,59,10,39,47,39,53,45,44,51,48,59,20,45,39,50,39,42,-48,-35,-22,-35,-33,-49,-86,-78,-76,-76,-80,-83,-109,-100,-103,-100,-283,-262,-311,-310,-611,-382,-1170,-462,-1000,-430,-472,-458,-1698,-1084,-1652,-1592,-29998,-29999,-29999]} 1. d4 Nf6 2. c4 e6 3. Nc3 Bb4 4. Qc2 d6 5. e4 Bxc3+ 6. bxc3 {E32: Nimzo-Indian: Classical (4 Qc2): 4...0-0.} e5 7. Bd3 O-O 8. Ne2 {White is slightly better.} Re8 9. O-O Nc6 10. a3 Qe7 11. f3 b6 12. Be3 {[#]} Ba6 $146 ({Predecessor:} 12... Na5 13. Ng3 c5 14. d5 h6 15. Rf2 g5 16. Raf1 Nh7 17. Nh5 f6 18. Qe2 Rf8 {½-½ (43) Veinberg,N (2402)-Steinberg,N (2542) Israel 2020}) 13. c5 (13. Ng3 $1 $14) 13... Bxd3 $15 14. Qxd3 dxc5 15. dxc5 Na5 16. Rab1 {Inhibits Nb3.} Nd7 17. cxb6 axb6 18. Ng3 g6 19. c4 Red8 20. Qc3 Nc5 {Hoping for ...Rd3.} 21. Bxc5 $2 {Loses the game.} (21. Rfd1 $17 {keeps fighting.}) 21... Qxc5+ $19 22. Kh1 Nxc4 {...Nd2 is the strong threat.} ({Weaker is} 22... Qxc4 23. Qxe5 Qc5 24. Qxc5 bxc5 25. Rfc1 $11) 23. Rb4 $2 (23. Rfe1) 23... b5 ({Less strong is} 23... Rxa3 24. Qxc4 Qxc4 25. Rxc4 $16) 24. Ra1 $2 {[#]} (24. Qc1) 24... c6 (24... Rxa3 $142 $1 {[%mdl 512]} 25. Rb3 b4 26. Rbxa3 bxc3 27. Rxc3 Rd2) 25. h3 {[#]} (25. Nf1 $142 Rxa3 26. Rxa3) 25... Qf2 (25... Rxa3 $142 $1 {[%mdl 512]} 26. Rb3 b4 27. Rbxa3 bxc3 28. Rxc3 Rd2) 26. Nf1 Rxa3 27. Rxa3 (27. Qe1 $142 Qxe1 28. Rxe1) 27... Qxf1+ 28. Kh2 Rd2 {[%csl Gd2][%cal Rf1g2]} 29. Kg3 Rxg2+ 30. Kh4 Qf2# {Weighted Error Value: White=1.30/Black=0.58} 0-1

[Event "Romanian Team Rapid Open 2022"]
[Site "Sebes"]
[Date "2022.12.03"]
[Round "1.13"]
[White "Saioc, David"]
[Black "Filip, Lucian-Ioan"]
[Result "1/2-1/2"]
[WhiteElo "2026"]
[BlackElo "2370"]
[Annotator "TA"]
[PlyCount "54"]
[EventDate "2022.12.03"]
[EventType "rapid"]
[EventCountry "ROU"]
[SourceTitle "playchess.com"]
[Source "ChessBase"]
[SourceQuality "1"]

{[%evp 22,54,14,17,24,14,36,28,31,0,0,0,0,0,0,0,0,0,0,0,8,8,8,22,18,8,11,0,9,6,7,6,13,9,6]} 1. Nf3 Nf6 2. d4 e6 3. g3 b6 4. Bg2 Bb7 5. c4 Be7 6. O-O O-O 7. b3 c5 8. Bb2 cxd4 9. Nxd4 Bxg2 10. Kxg2 a6 11. Nd2 Qc7 12. e4 d6 {E15: Queen's Indian: 4 g3 sidelines, 4 g3 Ba6 and 4 g3 Bb7 early deviations.} 13. Qe2 Nbd7 {[#]} 14. Rfd1 $146 ({Predecessor:} 14. Rac1 Qb7 15. f3 Rab8 16. Rfd1 Rfe8 17. Qf1 Ne5 18. h3 h5 19. Kh2 h4 20. gxh4 {½-½ (43) Ilic,S (2042)-Raicevic,I (2220) Nis 2016}) 14... Rfe8 {White has an edge.} 15. N4f3 Qb7 {The position is equal.} 16. Kg1 b5 17. e5 dxe5 18. Nxe5 Nxe5 19. Bxe5 Rac8 20. Rac1 {[%cal Ba1c1,Bc1c2,Bc2d2][%mdl 32]} bxc4 21. Nxc4 Qb5 22. Rc2 Red8 23. Rxd8+ Rxd8 24. Rd2 Nd5 25. Qg4 {[%csl Ge5][%cal Rg4g7] [#]} Bf8 26. Qf3 Qb4 27. Bc3 Qe7 {Weighted Error Value: White=0.05 (flawless) /Black=0.04 (flawless)} 1/2-1/2

[Event "Romanian Team Rapid Open 2022"]
[Site "Sebes"]
[Date "2022.12.03"]
[Round "1.14"]
[White "Secheres, Adrian-Simion"]
[Black "Tariceanu, Victor"]
[Result "1-0"]
[WhiteElo "2365"]
[BlackElo "1720"]
[Annotator "TA"]
[PlyCount "103"]
[EventDate "2022.12.03"]
[EventType "rapid"]
[EventCountry "ROU"]
[SourceTitle "playchess.com"]
[Source "ChessBase"]
[SourceQuality "1"]

{[%evp 13,103,21,30,11,50,33,73,82,71,74,92,81,135,129,148,137,209,122,235,90,93,70,182,177,223,165,303,241,229,226,309,306,316,299,308,306,317,316,273,220,391,384,325,325,311,267,274,269,267,203,192,188,185,181,184,183,189,85,169,169,213,127,185,166,180,46,162,163,164,106,172,79,416,402,770,763,737,740,683,666,1145,1104,1101,822,1089,1082,1007,996,29990,924,1380,1115]} 1. d4 Nf6 2. c4 e6 3. Nf3 Be7 4. Nc3 d5 5. Bf4 c6 6. e3 Nbd7 7. Bd3 O-O 8. Rc1 {D37: Queen's Gambit Declined: 5 Bf4.} Re8 9. h3 Bb4 10. O-O {[#] White is better.} Bxc3 $146 ({Predecessor:} 10... Nf8 11. a3 Ba5 12. Qb3 Bc7 13. Be5 Bxe5 14. Nxe5 N6d7 15. Nxd7 Bxd7 16. Qc2 Rc8 {0-1 (41) Saken Shaft,N (1569)-Krautschick,C (1521) Dittrichshuette 2004}) 11. bxc3 Ne4 12. Qc2 f5 (12... b6 $142) 13. cxd5 $16 cxd5 14. c4 Ndf6 (14... dxc4 $16 {was called for.} 15. Bxc4 (15. Bxe4 fxe4 16. Ng5 Nf6 $16) (15. Qxc4 Ndf6 $16) 15... Nb6) 15. Ne5 (15. c5 $18) 15... Nd6 (15... dxc4 $16 {keeps fighting.} 16. Nxc4 (16. Bxc4 Nd5 $16) (16. Qxc4 Nd2 $11) 16... b5) 16. cxd5 (16. c5 $18 {has better winning chances.} Nf7 17. Nxf7 Kxf7 18. Rb1) 16... Nxd5 17. Bg3 {White is more active.} g5 (17... b6 $14) 18. Qe2 $18 Nf6 (18... Re7 $142 19. h4 Rg7) 19. f3 h5 (19... Re7 $142 20. h4 h6 21. hxg5 hxg5) 20. e4 {[%cal Be3e4,Be4e5][%mdl 32]} f4 21. Bf2 Nf7 22. Nxf7 Kxf7 23. e5 Nd5 24. Qe4 Rh8 25. Qg6+ Kf8 26. Bc4 {[#] Threatens to win with Bxd5.} Rg8 $2 (26... Qe8 27. Qxg5 Qe7) 27. Qh6+ (27. Qxh5 Bd7 28. Bxd5 exd5 $18) 27... Kf7 28. Qxh5+ Kg7 29. Bd3 {Strongly threatening Rc5.} Qe7 30. h4 Bd7 31. Qg6+ ({Don't play} 31. hxg5 $6 Rh8 32. Qg6+ Kf8 $18) ({But not} 31. Qxg5+ $6 Qxg5 32. hxg5 Bc6 $16) 31... Kf8 32. Qh6+ Qg7 33. hxg5 Rh8 34. Qxg7+ Kxg7 {[#]} 35. g4 (35. Be1 $1 $18 {is more deadly.}) 35... Bc6 (35... Rh3 $16 36. Kg2 Rah8) 36. Kg2 Ne7 37. Be4 (37. Rh1 $18) 37... Rad8 (37... Rac8 $16 {was worth a try.} 38. Bd3 Bd5) 38. Rfd1 Nd5 39. Rd2 ({Better is} 39. a3 $18) 39... Kf7 (39... Ne3+ $14 40. Bxe3 fxe3) 40. Rb2 Rd7 41. Rbb1 (41. Re1 $18) 41... Kg7 (41... Ne3+ $16 {was necessary.} 42. Bxe3 Bxe4 43. fxe4 fxe3) 42. a3 (42. Re1 $18 {and White stays clearly on top.}) 42... Kf7 $2 {[%mdl 8192] Black cannot hold the game after this.} (42... Ne3+ $16 {is more resistant.} 43. Bxe3 Bxe4 44. fxe4 fxe3) 43. Rh1 Rdd8 (43... Rg8 $142 44. Rh7+ Rg7 45. g6+ Kg8) 44. g6+ Kg7 45. Bh4 Ne3+ 46. Kf2 {Bf6+ would kill now.} Bxe4 47. fxe4 {Black must now prevent Bf6+.} Rxh4 48. Rxh4 Rxd4 49. Rxb7+ Kxg6 {KRR-KRN} 50. Kf3 {Intending Rhh7 and mate.} ({Weaker is} 50. Rxa7 Kg5 51. Rah7 Nxg4+ 52. Rxg4+ Kxg4 $14) 50... Rd3 51. Ke2 (51. Kxf4 $2 Ng2#) (51. Rhh7 $142 Nc4+ 52. Kf2 Rf3+ 53. Ke1 Re3+ 54. Kd1 Rd3+ 55. Kc2 Rd2+ 56. Kc3) 51... Rxa3 52. Rhh7 {Weighted Error Value: White=0.33/Black=0.67} 1-0

[Event "Romanian Team Rapid Open 2022"]
[Site "Sebes"]
[Date "2022.12.03"]
[Round "1.15"]
[White "Popescu, Alexandru-Mihai"]
[Black "Ciorgovean, Iustin"]
[Result "0-1"]
[WhiteElo "1634"]
[BlackElo "2319"]
[Annotator "TA"]
[PlyCount "148"]
[EventDate "2022.12.03"]
[EventType "rapid"]
[EventCountry "ROU"]
[SourceTitle "playchess.com"]
[Source "ChessBase"]
[SourceQuality "1"]

{[%evp 18,148,-11,0,24,0,-12,0,-8,-31,0,-1,-7,-35,-10,-16,-10,-10,-10,-8,0,0,0,0,0,-21,-16,-57,-57,-61,-55,-58,-55,-47,-49,-52,-50,-151,-27,-28,-27,-170,-89,-110,-105,-186,-139,-150,-114,-108,-107,-106,-95,-110,-56,-100,-37,-81,-37,-104,-101,-168,-133,-136,-70,-70,-39,-77,0,-180,-89,-74,-74,-80,-98,-105,-122,-612,-611,-611,-596,-596,-596,-586,-575,-543,-512,-488,-481,-750,-745,-2324,-653,-596,-552,-2299,-2209,-2135,-1631,-1434,-1430,-833,-828,-29966,-29968,-29969,-29970,-29970,-29971,-29970,-29971,-29966,-29970,-29967,-29970,-29973,-29974,-29977,-29978,-29976,-29977,-29982,-29983,-29983,-29984,-29985,-29986,-29986,-29986,-29986,-29987,-29987,-29986]} 1. e4 c5 2. Nf3 Nc6 3. d4 cxd4 4. Nxd4 e6 5. Be3 Nf6 6. Nc3 Bb4 7. Bd3 d5 8. exd5 Nxd5 9. Nxc6 bxc6 10. Bd2 Nxc3 {B45: Sicilian Four Knights.} 11. Bxc3 Bxc3+ 12. bxc3 Qa5 {The position is equal.} 13. Qd2 Qe5+ 14. Be2 Ba6 15. Qe3 (15. f4 $5 {[%cal Rf4e5]} Qa5 16. Rd1 $11) 15... Qxe3 16. fxe3 Bxe2 17. Kxe2 $15 {[%mdl 4096] Endgame KRR-KRR} Ke7 18. Rab1 Rab8 {Against Rb7+} 19. Rb3 {[#]} Rb6 $146 ({Predecessor:} 19... Rhd8 20. Rhb1 Rxb3 21. cxb3 {½-½ (21) Ivekovic,T (1840)-Purgar,I (2134) Bosnjaci 2010}) 20. Rhb1 Rhb8 21. a4 Kd6 22. Kd3 (22. a5 {simplifies} Rxb3 23. cxb3 c5 24. c4) 22... Kc5 23. h3 h5 24. g3 f6 25. e4 R8b7 26. R1b2 Rd7+ 27. Ke3 (27. Ke2 $1 $15) 27... e5 ({Better is} 27... Rd1 $17 28. Rxb6 axb6) 28. Rb1 Rd8 29. R1b2 (29. Ke2 $11 {and White is okay.}) 29... Rxb3 (29... Rd1 $19 {And now ...Re1+ would win.} 30. Rb4 h4 31. gxh4 Rh1) 30. cxb3 $19 {KR-KR} Rd1 $1 31. Ke2 (31. Rf2 $17 {is a better defense.}) 31... Rc1 (31... Rh1 $19 {...Rh2+ is the strong threat.} 32. Ke3 Rxh3) 32. Kd3 $17 Rg1 {Prevents Rg2.} 33. b4+ Kd6 34. g4 hxg4 35. hxg4 Rxg4 (35... Rg3+ $17 36. Kc4 Rxg4 37. Rd2+ Kc7) 36. Rd2 Kc7 (36... g5 $17 37. Ke3+ Kc7) 37. Re2 Kb6 38. Re3 (38. Rh2 $15) 38... a5 39. Re2 (39. Re1 $17) 39... Rg1 40. Kc4 Rc1 ({Black should try} 40... axb4 $17 {Threatens to win with ...c5.} 41. cxb4 Rc1+ 42. Kb3 c5 43. bxc5+ Kxc5) 41. Rg2 $15 {Prevents c5.} axb4 42. Kxb4 {[#]} Re1 (42... Rb1+ $1 $17 43. Kc4 Re1) 43. Rg4 $2 {[#]} (43. a5+ $11 Ka6 44. Rxg7) 43... g5 (43... c5+ $1 $19 {and Black stays clearly on top.} 44. Kc4 Kc6 45. Rxg7 Rxe4+ 46. Kb3 f5 47. Rg6+ Kd5) 44. a5+ $17 Kc7 {Black is more active.} 45. Kc5 Ra1 46. Kb4 Rb1+ 47. Kc5 $2 {[%mdl 8192]} (47. Kc4 $17) 47... Rb5+ $19 48. Kc4 Rxa5 49. Rg3 Ra4+ 50. Kd3 Kd6 51. Rh3 Ra7 52. Rh6 Ke6 {aiming for ...Rg7.} 53. Rh8 (53. Ke3 $142 Ra1 54. Rh7) 53... Rg7 54. Re8+ Kd7 (54... Kd6 $142 55. Ke2 Rh7) 55. Ra8 {Black must now prevent Ra7+.} Kd6 56. Rd8+ Kc5 {Hoping for ...g4.} 57. Rf8 Rg6 58. Ra8 g4 {[%cal Bg5g4,Bg4g3][%mdl 32]} 59. Ra5+ Kd6 {( -> ...g3)} 60. Ra2 g3 {Black mates.} 61. Rg2 Kc5 62. c4 Kb4 63. Rb2+ Ka3 64. Rg2 Kb3 65. c5 Kb4 66. Ke3 Kxc5 67. Rc2+ Kb4 68. Rg2 Kc3 69. Kf3 Kd3 70. Rg1 g2 71. Rd1+ Kc2 72. Rg1 Kd2 73. Rxg2+ Rxg2 74. Kxg2 Ke3 {Weighted Error Value: White=0.56/Black=0.36} 0-1

[Event "Romanian Team Rapid Open 2022"]
[Site "Sebes"]
[Date "2022.12.03"]
[Round "1.16"]
[White "Nastore, Pavel-Alexandru"]
[Black "Dragut, Stefan-Cristian"]
[Result "1-0"]
[WhiteElo "2218"]
[BlackElo "1217"]
[Annotator "TA"]
[PlyCount "69"]
[EventDate "2022.12.03"]
[EventType "rapid"]
[EventCountry "ROU"]
[SourceTitle "playchess.com"]
[Source "ChessBase"]
[SourceQuality "1"]

{[%evp 16,69,23,26,30,-8,-12,-34,15,0,0,0,0,0,62,62,98,41,82,0,-4,-4,123,126,112,116,128,122,121,125,240,218,320,333,317,310,307,319,305,238,245,230,456,460,1466,1432,1349,1323,1915,1886,29992,29990,29990,29991,29991,29992]} 1. d4 d5 2. Nf3 Nf6 3. g3 Bf5 4. Bg2 c6 5. O-O e6 6. c4 Bd6 7. Nc3 O-O 8. b3 Nbd7 9. Bb2 a6 {[#] D11: Slav Defence: 3 Nf3 sidelines and 3...Nf6 4 e3 Bg4.} 10. h3 $146 ({Predecessor:} 10. Nd2 Rc8 11. e4 dxe4 12. Ncxe4 Nxe4 13. Nxe4 Bxe4 14. Bxe4 Nf6 15. Bg2 Qb6 16. c5 Bxc5 17. dxc5 Qxc5 {1-0 (28) Costa,A (1756)-Espindola,C (1772) Florianopolis 2015}) 10... b5 11. Nd2 {[%cal Bf3d2,Bd2e4,Be4d6][%mdl 32]} Rb8 (11... bxc4 $15 12. e4 Nxe4 13. Ncxe4 Bxe4 14. Nxe4 dxe4) 12. c5 Bc7 13. e4 dxe4 14. Ncxe4 Nxe4 (14... Nd5 $11) 15. Nxe4 $14 e5 16. b4 ({White should try} 16. Rc1 $16) 16... exd4 17. Qxd4 (17. Qf3 $16 Be6 18. Bxd4) 17... Be5 $11 18. Qd2 Qc7 (18... Bxe4 $1 $11 {remains equal.} 19. Bxe4 Nxc5) 19. Nd6 $16 {Black is now going downhill.} Bxb2 20. Qxb2 Be6 21. Rfe1 {[%cal Bf1e1,Be1e7,Be7g7][%mdl 32]} Nf6 22. Rad1 {White is much more active. The black rooks are badly placed.} Bd5 (22... a5 $16) 23. Bxd5 $40 {[%mdl 128] Black is in trouble.} Nxd5 24. Nf5 {[%csl Gf5][%cal Rb2g7]} f6 {[#]} 25. Rxd5 $1 {[%mdl 512]} cxd5 26. Re7 {Against Rfe8} Qc8 27. Rxg7+ Kh8 28. g4 {[%mdl 1024] Hoping for Re7. White has strong compensation.} Qe6 (28... Qxf5 29. gxf5 Kxg7) 29. Re7 Qc8 (29... Qg8 $142 30. c6 h5) 30. Qd2 Rb7 31. Qh6 {[%csl Ge7][%cal Rh6h7] [#]} ({Weaker is} 31. Qxd5 Rxe7 32. Nxe7 Rd8 $16) 31... Rxe7 32. Nxe7 Rg8 33. Nxc8 {White mates.} Rxc8 34. Qxf6+ Kg8 35. Qe6+ {Weighted Error Value: White=0.19 (very precise) /Black=0.70} 1-0

[Event "Romanian Team Rapid Open 2022"]
[Site "Sebes"]
[Date "2022.12.03"]
[Round "1.17"]
[White "Teodorescu, Razvan"]
[Black "Costachi, Mihnea"]
[Result "0-1"]
[WhiteElo "2118"]
[BlackElo "2476"]
[Annotator "TA"]
[PlyCount "54"]
[EventDate "2022.12.03"]
[EventType "rapid"]
[EventCountry "ROU"]
[SourceTitle "playchess.com"]
[Source "ChessBase"]
[SourceQuality "1"]

{[%evp 22,54,2,33,60,55,82,92,98,89,87,87,102,102,131,0,0,0,0,-2,25,0,-2,-34,-39,-38,-29,-42,-39,-40,-40,-45,-48,-412,-401]} 1. d4 Nf6 2. c4 g6 3. Nc3 Bg7 4. e4 O-O 5. Be3 d6 6. f3 c5 7. dxc5 dxc5 8. Qxd8 Rxd8 9. Bxc5 Nc6 {[%cal Bb8c6,Bc6b4,Bb4a2][%mdl 32]} 10. Nge2 Nd7 11. Be3 Nde5 12. Nf4 Nb4 {[#] And now ...Nc2+ would win. E81: King's Indian: Sämisch: 6th move deviations (including 6 Be3 c6).} 13. Rc1 {Prevents Nc2+.} Bh6 14. Ncd5 Bxf4 {White is better.} 15. Nxf4 (15. Nxe7+ $2 {too greedy.} Kf8 16. Bxf4 Ned3+ 17. Kd2 Kxe7 18. Bxd3 Nxd3 $19) 15... Nxa2 16. Rd1 {[#]} Rxd1+ $146 ({Predecessor:} 16... Be6 17. Nxe6 fxe6 18. Be2 Rxd1+ 19. Kxd1 Nb4 20. Kd2 Nec6 21. Kc3 Rd8 22. Ra1 Na6 {½-½ (30) Estremera Panos,S (2345)-Del Rey,D (2400) Coria del Rio 1994}) 17. Kxd1 Bd7 {[#]} 18. Be2 (18. Kc2 $1 $16 {[%cal Rc2b3] Strongly threatening Kb3.} Nb4+ 19. Kc3) 18... Ba4+ $11 19. Ke1 Bb3 20. c5 Nb4 21. Kf2 (21. Kd2 $5 {[%cal Rd2c3]} Na2 22. Ra1 $11) 21... a5 {[%cal Ba7a5,Ba5a4][%mdl 32]} 22. h4 (22. Bd1 $5 {[%cal Rd1b3]} Ned3+ 23. Nxd3 Nxd3+ 24. Kg3 (24. Ke2 Bc4 $11) 24... Bxd1 25. Rxd1 Nxb2 26. Rb1 $11) 22... Rd8 23. g4 a4 24. g5 Nc4 25. Bxc4 Bxc4 26. Rc1 {Against e5} Bb3 {Hoping for ...e5.} 27. h5 $2 {[%mdl 8192]} (27. c6 $15 Nxc6 28. Rc3) 27... e5 {Weighted Error Value: White=0.67/Black=0.08 (flawless)} 0-1

[Event "Romanian Team Rapid Open 2022"]
[Site "Sebes"]
[Date "2022.12.03"]
[Round "1.18"]
[White "Ileana, George"]
[Black "Campian, Cristian"]
[Result "1-0"]
[WhiteElo "2343"]
[BlackElo "1998"]
[Annotator "TA"]
[PlyCount "69"]
[EventDate "2022.12.03"]
[EventType "rapid"]
[EventCountry "ROU"]
[SourceTitle "playchess.com"]
[Source "ChessBase"]
[SourceQuality "1"]

{[%evp 15,69,-5,-5,-5,0,-15,4,6,37,24,38,33,124,116,114,107,150,108,113,120,143,51,83,69,64,-25,49,47,48,-81,-77,-59,-83,-130,-119,-231,-228,-239,-244,-443,-435,-437,-411,-453,-285,-272,0,-466,0,-277,0,-453,0,0,0,0]} 1. e4 c5 2. Nf3 Nc6 3. g3 Nf6 4. d3 d6 5. Bg2 g6 6. O-O Bg7 7. Re1 O-O 8. c3 e5 9. a4 $1 {[%mdl 4] is now more promising than 9.a3. A05: Réti Opening: 1 Nf3 Nf6.} Re8 10. Na3 a6 11. Nc4 {[#]} Rb8 $146 ({Predecessor:} 11... Be6 12. Ng5 Rb8 13. Nxe6 fxe6 14. Bg5 b5 15. axb5 axb5 16. Nd2 Qd7 17. Bh3 Nd8 18. Qb3 Nf7 19. Bxf6 Bxf6 20. Ra2 b4 21. Qc4 Rb7 22. Rea1 Ng5 23. Bg2 Reb8 24. f4 Nf7 {½-½ (24) Korenova,M (2214)-Lubbe,M (2322) Germany 2013}) 12. a5 Be6 13. Qa4 d5 ({Black should try} 13... h6 $14) 14. Ncxe5 $16 {White is more active.} Nxe5 15. Nxe5 Nxe4 {[%mdl 64]} 16. Nxf7 Bxf7 17. dxe4 d4 18. Bd2 (18. Bf4 $16) 18... b5 19. axb6 Qxb6 20. Qxa6 (20. cxd4 $14 Qxb2 21. Be3) 20... Qxb2 (20... Qxa6 $11 21. Rxa6 Rxb2) 21. Bf4 $14 Rb6 22. Qa3 (22. Qa5 $14 {keeps the upper hand.}) 22... Qxa3 $1 $17 ({But not} 22... Qxc3 $6 23. Qa7 Qb4 24. e5 $11) ({Much worse is} 22... dxc3 $6 23. Qxc5 Rb5 24. Qd6 $11) 23. Rxa3 dxc3 {...c2 is the strong threat.} 24. Rc1 {Prevents c2.} ({White should play} 24. e5) 24... Bd4 $1 25. Be3 (25. h4 $17 {might work better.}) 25... Rb2 $19 26. Bf1 Rxe4 27. Bxd4 (27. Raxc3 {keeps fighting.} Bxc3 28. Rxc3) 27... cxd4 28. Ra4 Bb3 29. Rb4 {[%cal Ob4b3]} Bc2 30. Rc4 {[#]} Bb3 $2 (30... d3 $1 31. Bxd3 (31. Rxe4 $2 d2 $19) 31... Bxd3 32. R4xc3 Rd4) 31. Rb4 {[%cal Ob4b3] And now Rxb3! would win.} Bc2 (31... Ba2 $142 32. Rb5 Re7) 32. Rc4 {[#]} Bb3 $2 (32... d3 $1 33. Bxd3 (33. Rxe4 $2 {perishes.} d2 $19) 33... Bxd3 34. R4xc3 Rd4) 33. Rb4 {[%cal Ob4b3] Threatens to win with Rxb3!} c2 $2 ({Better is} 33... Ba2 $19 34. Bd3 Rxb4 35. Bxe4 Bc4) 34. Rxb3 $11 {[%mdl 64] Remove Defender, Decoy} Rxb3 35. Bc4+ {[%mdl 32768] Weighted Error Value: White=0.35/Black=0.90. Loss on time!?} 1-0

[Event "Romanian Team Rapid Open 2022"]
[Site "Sebes"]
[Date "2022.12.03"]
[Round "1.19"]
[White "Sandru, Nicolae"]
[Black "Tampea, Radu"]
[Result "0-1"]
[WhiteElo "1647"]
[BlackElo "2110"]
[Annotator "TA"]
[PlyCount "61"]
[EventDate "2022.12.03"]
[EventType "rapid"]
[EventCountry "ROU"]
[SourceTitle "playchess.com"]
[Source "ChessBase"]
[SourceQuality "1"]

{[%evp 9,61,1,0,-1,-12,-7,0,-5,0,0,0,0,0,0,31,20,20,16,15,0,22,0,0,-9,-15,-29,-32,-81,-79,-83,-71,-60,-73,-100,-102,-175,-159,-163,-159,-196,-189,-188,-169,-154,-162,-172,-139,-142,-151,-360,-347,-500,-487,-1390]} 1. d4 d5 2. Bf4 Nf6 3. e3 e6 4. Nd2 Bd6 5. c3 O-O 6. Bg3 {D00: 1 d4 d5: Unusual lines.} c5 $1 {6...c5 scores better than 6...b6.} 7. Ngf3 Qc7 8. Ne5 {The position is equal.} Nbd7 {[%cal Rd7e5,Bb8d7,Bd7f6,Bf6d5][%mdl 32]} 9. f4 Ne4 10. Nxe4 dxe4 11. Nc4 f5 12. Nxd6 Qxd6 {[#]} 13. Be2 $146 ({Predecessor:} 13. Bc4 Nb6 14. Bb3 c4 15. Bc2 Nd5 16. Qe2 b5 17. a3 Bd7 18. O-O a5 19. Be1 {1-0 (83) Oney,A (2014)-Osmak,I (2428) Europe Echecs INT 2021}) 13... Nf6 14. O-O Bd7 15. dxc5 Qxc5 16. Qd4 Qxd4 17. cxd4 Rfc8 18. Rac1 (18. Rfc1 $15 {is superior.}) 18... Nd5 19. Bf2 Kf7 20. g4 g6 21. h3 a6 {[%cal Ba7a6,Ba6b5][%mdl 32] Black is more active.} 22. a3 (22. gxf5 $17 exf5 23. Bc4) 22... Bb5 $19 23. Bxb5 axb5 24. Rc5 Rxc5 25. dxc5 {[%mdl 4096] Endgame KRB-KRN} Rc8 26. Rc1 Ke7 27. Kf1 Kd7 28. Ke2 b6 29. b4 $2 {[#]} (29. c6+ $17 Rxc6 30. Rxc6 Kxc6 31. Be1) 29... bxc5 30. bxc5 (30. gxf5 $142 exf5 31. Rxc5 Nc3+ 32. Kd2 Nb1+ 33. Kc2 Nxa3+ 34. Kc3 Rxc5+ 35. bxc5) 30... Ra8 31. Rb1 {Weighted Error Value: White=0.28 (precise) /Black=0.05 (flawless)} (31. gxf5 $142 gxf5 32. Ra1) 0-1